ՀՀ Գիտությունների ազգային ակադեմիայի հիմնարար գիտական գրադարան  =   Fundamental Scientific Library of NAS RA

Собрание сочинений : (Record no. 499200)

MARC details
000 -LEADER
fixed length control field 02031nam a2200241 a 4500
003 - CONTROL NUMBER IDENTIFIER
control field AM-YeHGA
040 ## - CATALOGING SOURCE
Original cataloging agency AM-YeHGA
090 ## - LOCALLY ASSIGNED LC-TYPE CALL NUMBER (OCLC); LOCAL CALL NUMBER (RLIN)
-- 502610
001 - CONTROL NUMBER
control field 000618804
005 - DATE AND TIME OF LATEST TRANSACTION
control field 20250617163011.0
008 - FIXED-LENGTH DATA ELEMENTS--GENERAL INFORMATION
fixed length control field 081210s1895 ru ac r 000 1 rus d
041 1# - LANGUAGE CODE
Language code of text/sound track or separate title rus
Language code of original dan
100 1# - MAIN ENTRY--PERSONAL NAME
Personal name Андерсен, Ганс Христиан
Dates associated with a name 1805-1875
245 10 - TITLE STATEMENT
Title Собрание сочинений :
Remainder of title Въ 4-хъ томахъ /
Statement of responsibility, etc. Г.Х. Андерсен ; Пер. съ датскаго подлинника А. и П. Ганзенъ ; Съ прилож. 2-хъ портретовъ Андерсена, гравированныхъ на дереве В.В. Матэ.
260 ## - PUBLICATION, DISTRIBUTION, ETC.
Place of publication, distribution, etc. С.-Петербургъ :
Name of publisher, distributor, etc. Типо-литографiя и переплетная С.М. Николаева,
Date of publication, distribution, etc. 1895.
300 ## - PHYSICAL DESCRIPTION
Extent т.
505 10 - FORMATTED CONTENTS NOTE
Miscellaneous information Т. 4 (1895, 510 с., 2 л. портр.)
Title Сказки моей жизни. Приложенiие къ Сказкѣ моей жизни(1855-1867 г.). Изъ переписки Андерсена съ друзьями и выдающимися современниками. Андерсенъ и семья Коллинъ. Замѣтки для характеристики Андерсена. Библiографическiя свѣдѣнiя. Къ читателямъ.
Miscellaneous information Т. 1, Ч. 1 (1894, 513 с.)
Title Полное собрание сказок, рассказов и повестей.
Miscellaneous information Т. 2, Ч. 2 (1894, 521 с.)
Title Полное собрание сказок, рассказов и повестей.
Miscellaneous information Т. 3 (1894, 518 с.)
Title Импровизатор; Петька счастливец; Картинки-невидимки; Путевые очерки; Первенец; Дороже жемчуга и злата; Грезы короля; 45 стихотворений в переводах русских поэтов
650 14 - SUBJECT ADDED ENTRY--TOPICAL TERM
Topical term or geographic name entry element Датская литература - 19 в
700 1# - ADDED ENTRY--PERSONAL NAME
Personal name Ганзен, А
Relationship trl
700 1# - ADDED ENTRY--PERSONAL NAME
Personal name Ганзен, П
Relationship trl
700 1# - ADDED ENTRY--PERSONAL NAME
Personal name Матэ, В.В.
Relationship art
942 ## - ADDED ENTRY ELEMENTS (KOHA)
Source of classification or shelving scheme Universal Decimal Classification
Koha item type Գրքեր / Books
Holdings
Withdrawn status Lost status Source of classification or shelving scheme Damaged status Not for loan Collection Home library Current library Date acquired Serial enumeration / chronology Total checkouts Full call number Barcode Date last seen Price effective from Koha item type Public note
    Universal Decimal Classification     General Fundamental Scientific Library Fundamental Scientific Library 30/09/2019 Т. 4   PII/17867 FL0602516 30/09/2019 30/09/2019 Գրքեր / Books 30 Days Loan


ՀՀ ԳԱԱ հիմնարար գիտական գրադարան
ՀՀ,Երևան 0019
Մարշալ Բաղրամյան 24/6
հեռախոս:(374-10) 52-47-50
Հետադարձ կապ

All site content, except where otherwise noted, is licensed under a
Creative Commons License